Welcome to the Holygrace Academy Library

Please use search bar below to get started

CHICKEN SOUP FOR THE CHRISTIAN TEENAGE SOUL (Record no. 10)

MARC details
000 -LEADER
fixed length control field 00435nam a22001337a 4500
020 ## - INTERNATIONAL STANDARD BOOK NUMBER
ISBN 0-7573-0095-2
082 ## - DEWEY DECIMAL CLASSIFICATION NUMBER
Classification number 823
Item number CAN/C
100 ## - MAIN ENTRY--AUTHOR NAME
Personal name JACK CANFIELD, MARK VICTOR HANSEN, KIMBERLY KIRBERGER, PATTY AUBERY, NANCY MITCHELL-AUTIO
245 ## - TITLE STATEMENT
Title CHICKEN SOUP FOR THE CHRISTIAN TEENAGE SOUL
260 ## - PUBLICATION, DISTRIBUTION, ETC. (IMPRINT)
Place of publication UNITED STATES
Name of publisher HEALTH COMMUNICATIONS
Year of publication 2003
300 ## - PHYSICAL DESCRIPTION
Number of Pages 283
650 ## - SUBJECT ADDED ENTRY--TOPICAL TERM
Topical Term FAITH, LOVE, INSPIRATION AND HOPE
Geographic subdivision UNITED STATES
942 ## - ADDED ENTRY ELEMENTS (KOHA)
Koha item type Books
Holdings
Withdrawn status Lost status Collection code Home library Current library Shelving location Date acquired Full call number Accession Number Koha item type
    Fiction Main Library Main Library SHELF-12B-CHICKEN SOUP,ROALD DAH 24/07/2012 823 CAN/C 06090 Books